|
|
|
|
| LEADER |
00000nam0a2200000 4500 |
| 001 |
249699 |
| 005 |
20231031212910.0 |
| 020 |
|
|
|a RU
|b 89-4472ж
|
| 035 |
|
|
|a (RuTPU)RU\TPU\book\271801
|
| 035 |
|
|
|a RU\TPU\book\182364
|
| 090 |
|
|
|a 249699
|
| 100 |
|
|
|a 20091023d1988 k y0rusy5003 ca
|
| 101 |
0 |
|
|a rus
|
| 102 |
|
|
|a RU
|
| 105 |
|
|
|a a z 001zy
|
| 200 |
1 |
|
|a Энергосбережение в высокотемпературной теплотехнологии
|f Московский энергетический институт ; гл. ред. А. Д. Ключников
|
| 210 |
|
|
|a Москва
|c Изд-во МЭИ
|d 1988
|
| 215 |
|
|
|a 88 с.
|c ил.
|
| 225 |
1 |
|
|a Сборник научных трудов
|v № 176
|x 0234-9124
|
| 320 |
|
|
|a Библиогр. в конце ст.
|
| 606 |
1 |
|
|a Топливо
|x Экономия
|2 stltpush
|3 (RuTPU)RU\TPU\subj\60960
|
| 610 |
1 |
|
|a экономика
|
| 610 |
1 |
|
|a промышленные предприятия
|
| 610 |
1 |
|
|a энергетика
|
| 610 |
1 |
|
|a энергосбережение
|
| 610 |
1 |
|
|a топливо
|
| 675 |
|
|
|a 621.1.018
|v 3
|
| 702 |
|
1 |
|a Ключников
|b А. Д.
|4 651
|
| 712 |
0 |
2 |
|a Московский энергетический институт (МЭИ)
|c (1930-1992)
|2 stltpush
|3 (RuTPU)RU\TPU\col\20092
|
| 801 |
|
0 |
|a RU
|b RuMRKP
|c 19950417
|g psbo
|
| 801 |
|
1 |
|a RU
|b 63413507
|c 20140207
|
| 801 |
|
2 |
|a RU
|b 63413507
|c 20231011
|g RCR
|
| 942 |
|
|
|c BK
|